नायाब नर्सरी / (Record no. 114987)

MARC details
000 -LEADER
fixed length control field 00956nam a22002537a 4500
005 - DATE AND TIME OF LATEST TRANSACTION
control field 20170124103017.0
010 ## - LIBRARY OF CONGRESS CONTROL NUMBER
LC control number B-187487
020 ## - INTERNATIONAL STANDARD BOOK NUMBER
Terms of availability 150.00
International Standard Book Number 818813960
035 ## - SYSTEM CONTROL NUMBER
System control number B-187487
037 ## - SOURCE OF ACQUISITION
Source of stock number/acquisition Cen Lib/Ret
040 ## - CATALOGING SOURCE
Original cataloging agency DPL
Language of cataloging HN
082 ## - DEWEY DECIMAL CLASSIFICATION NUMBER
Classification number
Item number विद्याभू
100 ## - MAIN ENTRY--PERSONAL NAME
Personal name विद्याभूषण
9 (RLIN) 43304
245 ## - TITLE STATEMENT
Title नायाब नर्सरी /
Statement of responsibility, etc विद्याभूषण
246 ## - VARYING FORM OF TITLE
Title proper/short title Nayab nursery /
Remainder of title by Vidyabhooshan
260 ## - PUBLICATION, DISTRIBUTION, ETC. (IMPRINT)
Place of publication, distribution, etc दिल्ली
Name of publisher, distributor, etc ज्ञान गंगा
Date of publication, distribution, etc 2005
270 ## - ADDRESS
Address २०५-सी चावड़ी बाज़ार
City दिल्ली
Postal code 110006
300 ## - PHYSICAL DESCRIPTION
Extent 124पृ.
Dimensions 19सेमी(सजिल्द)
650 ## - SUBJECT ADDED ENTRY--TOPICAL TERM
Topical term or geographic name as entry element हिंदी साहित्य
9 (RLIN) 59348
650 ## - SUBJECT ADDED ENTRY--TOPICAL TERM
Topical term or geographic name as entry element हिंदी कहानी
9 (RLIN) 59349
650 ## - SUBJECT ADDED ENTRY--TOPICAL TERM
Topical term or geographic name as entry element Hindi literature
9 (RLIN) 59350
650 ## - SUBJECT ADDED ENTRY--TOPICAL TERM
Topical term or geographic name as entry element Hindi stories
9 (RLIN) 59351
942 ## - ADDED ENTRY ELEMENTS (KOHA)
Source of classification or shelving scheme Dewey Decimal Classification
Koha item type Hindi Books
Classification part
Call number suffix विद्याभू
Holdings
Withdrawn status Lost status Damaged status Not for loan Home library Current library Date acquired Source of acquisition Cost, normal purchase price Total Checkouts Full call number Barcode Date last seen Copy number Cost, replacement price Price effective from Koha item type
        Central Library Central Library 19/08/2015 Cen Lib/Ret 150.00   क विद्याभू B-187487 19/08/2015 1 150.00 19/08/2015 Hindi Books

© Delhi Public Library
Hit Counter
free hit counter